000 01257nam a2200337 c 4500
003 BLK
005 20240717145228.0
008 180411b bul|||||r ||||||| ||bul||
010 _aKNG00197614000
040 _aBLK
041 _aBUL
_cBUL
080 _aАнглийска литература
_b821.111
_x-31
_z821.111-31
100 1 _aХюз, Ричард
_eпърви автор
_9344622
139 _aХюз, Ричард
_bХ 98
245 1 0 _aУраган над Ямайка
_bРоман
_cРичард Хюз; прев. от англ. и послесл. Йордан Йорданов Костурков.
257 _aGBR
260 _aВарна
_bГеорги Бакалов
_c1982
300 _a199 с.
_c20 см
380 _aX
490 _aБиблиотека Океан
500 _aОриг. загл. A high wind in Jamaica. - 65 150 тир.
700 1 _aКостурков, Йордан Йорданов
_eпрев. от англ. и послесл.
_9371461
852 _aЦб 116987
856 4 _qpdf
856 4 _qpdf
942 _cKNG
_n0
_s1
944 _aCR
_c08.12.2016
_k30556
_lТеодора Пейчева-Дянкова
944 _aED
_c08.12.2016
_kСевдалина_Василева
999 _c188595
_d188595
999 _d188595
999 _d188595